Мифология языка Андрея Платонова (Запись № 65994)

Подробности
000 -МАРКЕР
контрольное поле 01533nam0a2200325 4500
001 - ИДЕНТИФИКАТОР ЗАПИСИ
контрольное поле RU\NLR\bibl\16180
005 - ИДЕНТИФИКАТОР ВЕРСИИ
контрольное поле 20250615013255.0
021 ## - НОМЕР ГОСУДАРСТВЕННОЙ РЕГИСТРАЦИИ
Код страны Российская Федерация
Номер 98-34624
Номер Листа государственной регистраци 1643
035 ## - ДРУГИЕ СИСТЕМНЫЕ НОМЕРА
Идентификатор записи (NLR Aleph) 000015807
100 ## - ДАННЫЕ ОБЩЕЙ ОБРАБОТКИ
Данные общей обработки 19990316d1998 |||y0rusy50 ca
101 0# - ЯЗЫК РЕСУРСА
Язык текста, звукозаписи и т.д. русский
Язык резюме английский
102 ## - СТРАНА ПУБЛИКАЦИИ ИЛИ ПРОИЗВОДСТВА
Страна публикации Российская Федерация
105 ## - ПОЛЕ КОДИРОВАННЫХ ДАННЫХ: ТЕКСТОВЫЕ МАТЕРИАЛЫ, МОНОГРАФИЧЕСКИЕ
Кодированные данные о монографическом текстовом документе a |||||||||
200 1# - ЗАГЛАВИЕ И СВЕДЕНИЯ ОБ ОТВЕТСТВЕННОСТИ
Основное заглавие Мифология языка Андрея Платонова
Первые сведения об ответственности Т.Б. Радбиль
Последующие сведения об ответственности [Науч. ред.: д. филол. н., проф. Ю.С. Язикова]
-- М-во общ. и проф. образования Рос. Федерации, Нижегор. гос. пед. ун-т
210 ## - ПУБЛИКАЦИЯ, РАСПРОСТРАНЕНИЕ И ДР.
Место издания, распространения и т.д. Н. Новгород
Имя издателя, распространителя и т. д. Изд-во НГПУ
Дата издания, распространения и т.д. 1998
215 ## - ФИЗИЧЕСКАЯ ХАРАКТЕРИСТИКА
Специфическое обозначение материала и объем 115 с.
Размеры 20
600 #1 - ИМЯ ЛИЦА КАК ПРЕДМЕТ
Начальный элемент ввода Платонов
Часть имени, кроме начального элемента ввода А.П.
Даты 1899 - 1951
Расширение инициалов личного имени Андрей Платонович
Тематический подзаголовок Язык и стиль
Системный номер авторитетной/нормативной записи 2080875
Идентификатор авторитетной/нормативной записи RU\NLR\auth\661256827
600 #1 - ИМЯ ЛИЦА КАК ПРЕДМЕТ
Начальный элемент ввода Платонов
Часть имени, кроме начального элемента ввода А.
Расширение инициалов личного имени Андрей Платонович
Даты 1899-1951
Код системы psbo
606 0# - НАИМЕНОВАНИЕ ТЕМЫ КАК ПРЕДМЕТ
Наименование темы Русский язык
Тематический подзаголовок Стилистика
Системный номер авторитетной/нормативной записи 1563135
Идентификатор авторитетной/нормативной записи RU\NLR\auth\66984157
606 0# - НАИМЕНОВАНИЕ ТЕМЫ КАК ПРЕДМЕТ
Наименование темы Русский язык
Тематический подзаголовок Лексикология стилистическая
Системный номер авторитетной/нормативной записи 1546513
Идентификатор авторитетной/нормативной записи RU\NLR\auth\66975936
686 ## - ИНДЕКСЫ ДРУГИХ КЛАССИФИКАЦИЙ
Индекс Ш5(2=Р)7-4Платонов
686 ## - ИНДЕКСЫ ДРУГИХ КЛАССИФИКАЦИЙ
Индекс Ш141.12-71Платонов
700 #1 - ИМЯ ЛИЦА - ПЕРВИЧНАЯ ОТВЕТСТВЕННОСТЬ
Начальный элемент ввода Радбиль
Часть имени, кроме начального элемента ввода Т. Б.
Расширение инициалов личного имени Тимур Беньюминович
Код отношения Автор
801 #0 - ИСТОЧНИК ЗАПИСИ
Страна Российская Федерация
Организация NLR
Дата составления 19990316
Правила каталогизации PSBO
801 #1 - ИСТОЧНИК ЗАПИСИ
Страна Российская Федерация
Организация NLR
Дата составления 19990316
852 ## - МЕСТОНАХОЖДЕНИЕ И ШИФР ХРАНЕНИЯ
Идентификатор организации NLR
Шифр хранения (Call Number) 98-3/10503
942 ## - ДОПОЛНИТЕЛЬНЫЕ ЭЛЕМЕНТЫ ЗАПИСИ (АБИС)
Тип экземпляра АБИС Книга
980 ## - КОЛЛЕКЦИЯ
Название коллекции Национальная библиография
Экземпляры
Тип экземпляра Дата поступления Библиотека постоянного хранения Библиотека текущего хранения Место хранения Шифр хранения Штрих-код Статус экземпляра
Книга 26.10.2013 РНБ (Московский) РНБ (Московский) Русский книжный фонд: издания с 1957 года 98-3/10503 1-1645905